| 000 | 00950cam a2200241 4500 | ||
|---|---|---|---|
| 001 | 2672812 | ||
| 003 | BD-DhUL | ||
| 005 | 20170511164441.0 | ||
| 008 | 730727s1971 ru a j 000 1 eng | ||
| 010 | _a 73162997 | ||
| 015 | _aUSSR71-48736 | ||
| 040 |
_aDLC _cDLC _dDLC _dBD-DhUL |
||
| 041 | 1 | _aengrus | |
| 050 | 0 | 0 |
_aPZ8.1 _b.G6 |
| 082 |
_a891.713 _bGOL |
||
| 245 | 0 | 4 |
_aThe Golden fleece : _btales from the Caucasus / _cTranslated by Avril Pyman. |
| 260 |
_aMoscow : _bProgress, _c1971. |
||
| 300 |
_a263 p. ; _c20 cm. |
||
| 505 | 0 | _aThe daughter of the sun.--The tale of the red cow.--The flower of Ezhvan.--Okhik.--Doctor Lokhman.--The tale of the orphan.--Azaran Bulbul.--The tale of the dev who tried to kill the miller's son.--Quarter-master fox and the tsar's son.--Anait.--Ibrahim.--Amiran.--The merchant's daughter and the seven brothers. | |
| 650 | 0 |
_aTales _zCaucasus, South. |
|
| 700 | 1 |
_aPyman, Avril, _etr. |
|
| 942 |
_2ddc _cBK |
||
| 999 |
_c195322 _d195322 |
||